U.S. Presidents’ Full Names - Statistics

General Stats
  • This quiz has been taken 23 times
  • The average score is 58 of 92
Answer Stats
Answer % Correct
Biden
100%
Obama
100%
Trump
100%
Bush
95%
Donald
95%
George
95%
Jefferson
95%
John
95%
Kennedy
95%
Thomas
95%
William
95%
Adams
89%
Barack
89%
James
89%
Joseph
89%
Lincoln
89%
Truman
89%
Washington
89%
Abraham
84%
Eisenhower
84%
Franklin
84%
Harrison
84%
Johnson
84%
Polk
84%
Quincy
84%
Roosevelt
84%
Carter
79%
Harry
79%
Nixon
79%
S.
79%
Tyler
79%
Dwight
74%
Grant
74%
Henry
74%
Hoover
74%
Reagan
74%
Richard
74%
Taylor
74%
Andrew
68%
Herbert
68%
Jackson
68%
Madison
68%
McKinley
68%
Monroe
68%
Pierce
68%
Ronald
68%
Taft
68%
Theodore
68%
Ulysses
68%
Buchanan
63%
Fitzgerald
63%
Lyndon
63%
Benjamin
58%
Coolidge
58%
Fillmore
58%
Garfield
58%
Howard
58%
Van Buren
58%
Walker
58%
Wilson
58%
Arthur
53%
Calvin
53%
Cleveland
53%
Delano
53%
Hayes
53%
Chester
47%
Grover
47%
Harding
47%
Millard
47%
Woodrow
47%
Zachary
47%
Baines
42%
David
42%
Robinette
42%
Rutherford
42%
Warren
42%
Hussein
37%
Milhous
37%
Maarten
32%
King
26%
Stephen
26%
Alan
21%
Blythe
21%
Earl
21%
Hiram
21%
Knox
21%
Leslie
21%
Lynch
21%
Abram
16%
Birchard
16%
Clark
16%
Gamaliel
11%
No matching quizzes found
Score Distribution
Percent of People with Each Score
Percentile by Number Answered
Your Score History
You have not taken this quiz